[Event "Capablanca Memorial op-B 48th"]
[Site "Havana"]
[Date "2013.04.22"]
[Round "2"]
[White "Zamora Rosales, Noslen"]
[Black "Randy, Martinez"]
[Result "1-0"]
[WhiteElo "2205"]
[BlackElo "2071"]
[PlyCount "43"]
[EventDate "2013.04.21"]
[EventType "swiss"]
[EventRounds "9"]
[EventCountry "CUB"]
[SourceTitle "CBM 154 Extra"]
[Source "ChessBase"]
[SourceDate "2013.06.25"]
[SourceVersion "2"]
[SourceVersionDate "2013.06.25"]
[SourceQuality "1"]

1. e4 c5 2. Nf3 e6 3. Nc3 a6 4. g3 b5 5. d4 cxd4 6. Nxd4 Bb7 7. Bg2 Nf6 8. a3 d5 9. e5 Ne4 10. Nxe4 dxe4 11. 0-0 Qc7 12. Re1 Qxe5 13. Bf4 Qc5 14. Bxe4 Bxe4 15. Rxe4 Nc6 16. Rxe6+ fxe6 17. Nxe6 Rd8 18. Qg4 Qe7 19. Re1 Rd7 20. Bg5 Qd6 21. Nxg7+ Kf7 22. Ne8 1-0